| 000 | 00000nas 2200000za 4500 |
| 001 | 9.841842 |
| 003 | CaOODSP |
| 005 | 20221107152203 |
| 007 | cr ||||||||||| |
| 008 | 170816d19721986oncar p oss f0###a0eng|d |
| 022 | |y0703-2633|y0703-2544 |
| 040 | |aCaOODSP|beng |
| 041 | |aeng|afre |
| 043 | |an-cn--- |
| 086 | 1 |aCS11-201-PDF |
| 245 | 10|aAnnual report of Statistics Canada |h[electronic resource]. |
| 246 | 13|aStatistics Canada annual report|f1975/1976-1982/83 |
| 246 | 13|aAnnual report, Statistics Canada|f1983/1984-1985/86 |
| 246 | 13|aRapport annuel|f1973/1974, 1980/81, 1982/83-1983/1984 |
| 246 | 13|aRapport annuel de Statistique Canada|f1972-1972/73, 1974/1975-1979/1980 |
| 246 | 13|aRapport annuel|f1984/85-1985/86 |
| 246 | 13|aRapport annuel de Statistique Canada|f1981/82 |
| 260 | |aOttawa : |bStatistics Canada, |c1972-[1986] |
| 310 | |aAnnual |
| 362 | 0 |aMar. 31, 1972-1985/86. |
| 500 | |aDigitized edition from print [produced by Statistics Canada]. |
| 500 | |aIssues for 1973/1974-1985/86 have title: Annual report. |
| 515 | |aReport year ends March 31. |
| 546 | |aText in English and French with separate title pages, 1972-1979/1980, 1984/85-1985/86; text in English and French, 1980/81-1983/1984. |
| 692 | 07|2gccst|aStatistics |
| 710 | 2 |aStatistics Canada. |
| 775 | 08|tRapport annuel de Statistique Canada |w(CaOODSP)9.841847 |
| 780 | 00|tAnnual report of the Dominion Bureau of Statistics |w(CaOODSP)9.841841 |
| 785 | 00|tThe ... annual report of Statistics Canada |w(CaOODSP)9.841844 |
| 792 | |tAnnual report of Statistics Canada |efre|w(CaOODSP)9.841843 |